| 000 | 00623nam a2200205 i 4500 | ||
|---|---|---|---|
| 001 | 87084 | ||
| 003 | ES-MaACL | ||
| 005 | 20250801154219.0 | ||
| 007 | t| | ||
| 008 | 041220s1956 sp ||||1| spa d | ||
| 100 | 1 |
_aKoseleff, Boris. _968625 |
|
| 245 | 1 | 0 |
_aRasputín _b: (monje y diablo) / _cpor Boris Koseleff ; [traducido del alemán por Víctor Scholz]. |
| 260 |
_aBarcelona : _bAHR, _c[1956] |
||
| 300 |
_a367 p. ; _c20 cm. |
||
| 490 | 1 | _aHistoria y amor | |
| 700 | 1 |
_aScholz, Víctor. _9104643 |
|
| 830 | 0 | 0 |
_aHistoria y amor _9182274 |
| 852 |
_aES-MaACL _jC-11400 _bR.39466 |
||
| 999 |
_c87084 _d87084 |
||